000 00668nam a2200193Ii 4500
003 JO-AjNU
008 230605s9999||||xx |||||||||||||| ||und||
040 _aJO-AjNU
_bara
_erda
_cJO-AjNU
041 _aara
050 1 4 _aBP166.83.B3752
100 3 _aالبرزنجي، محمد بن رسول الحسيني,
_eauthor
_937648
245 0 0 _aالإشاعة لإشراط الساعة
264 3 1 _aالمدينة المنورة: مكتبة الثقافة، د.ت
300 _a200ص
336 _atext
_btxt
_2rdacontent
337 _aunmediated
_bn
_2rdamedia
338 _avolume
_bnc
_2rdacarrier
650 4 _aعلامات الاخرة- يوم القيامة
_937649
999 _aA15750
_c19318
_d19318